MARC

LEADER 00000nam0a2200000 4500
001 352783
005 20231102010530.0
035 |a (RuTPU)RU\TPU\retro\9584 
090 |a 352783 
100 |a 20200206d1910 k y0gery50 ba 
101 0 |a ger 
102 |a DE 
105 |a a z 001zy 
200 1 |a Einrichtung und Betrieb eines Gaswerkes  |e Ein Leitfaden fûr Betriebsleiter und Konstrukteure  |f bearbeitet von A. Schafer, R. Witzeck 
205 |a dritte erweiterte und verbesserte Ausgabe 
210 |a Munchen  |a Berlin  |c Druck und Verlag von R. Oldenbourg  |d 1910 
215 |a 923 s.  |c il. 
225 1 |a Oldenbourgs Technische Handbibliothek  |v Bd. 3 
316 |5 63413507: КР-6778  |a На стр. III, V владельческий штамп: "Томский Технологический институт Николая II. Инженерная лаборатория. Отдел паровых котлов" 
320 |a Literaturnachweis: s. 909 
320 |a Sachregister: s. 910-923 
541 1 |a Создание и эксплуатация газового завода  |z ger  |e руководство для руководителей предприятий и конструкторов  |e Ольденбургская техническая библиотека  |h Т. 3 
606 1 |a Нефтяные предприятия (Включая газовые)  |x Анализ хозяйственной деятельности  |2 stltpush  |3 (RuTPU)RU\TPU\subj\46032  |9 65220 
610 1 |a газовые заводы 
610 1 |a создание 
610 1 |a проектирование 
610 1 |a эксплуатация 
610 1 |a газ 
610 1 |a топливо 
610 1 |a горючие вещества 
610 1 |a каменный уголь 
610 1 |a переработка 
610 1 |a реторты 
610 1 |a печи 
610 1 |a кокс 
610 1 |a транспортировка 
610 1 |a охлаждение 
610 1 |a газовые насосы 
610 1 |a эксгаустеры 
610 1 |a смолоотделители 
610 1 |a эвапораторы 
610 1 |a коксовый газ 
610 1 |a нафталин 
610 1 |a аммиак 
610 1 |a аммиачные скрубберы 
610 1 |a аммиачная вода 
610 1 |a очистка 
610 1 |a сероводород 
610 1 |a циан 
610 1 |a газомеры 
610 1 |a газгольдеры 
610 1 |a давление 
610 1 |a регуляторы 
610 1 |a водяной газ 
610 1 |a поставка 
610 1 |a газы 
610 1 |a физико-химический контроль 
610 1 |a анализ 
610 1 |a распределение 
610 1 |a расчеты 
610 1 |a немецкий язык 
675 |a 622.32.012:658  |v 4 
702 1 |a Schâfer  |b A.  |4 340 
702 1 |a Witzeck  |b R.  |4 340 
801 1 |a RU  |b 63413507  |c 20200206 
801 2 |a RU  |b 63413507  |c 20200625  |g RCR 
942 |c BK